| 000 | 00900nam a22002537a 4500 | ||
|---|---|---|---|
| 999 |
_c15026 _d15026 |
||
| 003 | AR-CdUCM | ||
| 008 | 190405b ||||| |||| 00| 0 spa d | ||
| 020 | _a978-603-4016-24-8 | ||
| 040 |
_aMUNICIPALIDAD PROVINCIAL DEL CUSCO _cBIBLIOTECA MUNICIPAL DEL CUSCO |
||
| 082 |
_aEP / 803 / _bES82 |
||
| 100 |
_aEslava, Jorge. _925304 |
||
| 245 |
_aEl capitán Centella : _bEn la persecución del doctor deforme / |
||
| 260 |
_aLima : _bAlfaguara infantil, _bGrupo Santillana, _c2008. |
||
| 300 |
_bIlustraciones, graficos, dibujos, _c22 cm. |
||
| 440 |
_aColección la botella verde. _934035 |
||
| 500 | _aCuento | ||
| 505 | _aContenido :El capitán centella, en la persecución del doctor deforme. | ||
| 650 |
_aCuentos _9217 |
||
| 650 |
_aLiteratura _983 |
||
| 650 |
_aTexto Educativo _925832 |
||
| 700 |
_aMorey, Felipe (ilustraciones) _934036 |
||
| 942 |
_2ddc _cLIBROS |
||
| 945 |
_arum _d2019-04-25 |
||